00984nam a22002657a 4500003000500000005001700005008004100022010001000063011001000073035001100083040000900094100002700103245019900130260004000329300002100369502007700390530003600467650002900503650001800532650002200550650002500572650002400597700003300621856006400654CHAP20220329143319.0080521d2007 mx r 00110 spa d a94826 a95798 a106429 cCHAP1 aTorres Flores, Raúl.10aRelación entre el rendimiento total y el de racimos en variedades comerciales de jitomate (Lycopersicon esculentum Mill.) en invernaderoc/por Raúl Torres Flores y Edgar Juárez Hernández aChapingo, Méx. :bEl autor,c2007 a35 h. :bcuadros aTesis (Ing. Agr. Esp. en Fitotecnia) -- UACH. Departamento de Fitotecnia aTambién disponible en línea14aCultivos en invernadero.14aHidroponía.14aTomatexMercadeo.14aTomatexRendimiento.14aTomatexVariedades.1 aJuárez Hernández, Edgar. 3Finding aiduhttp://10.13.5.2/tesis/106429.pdfzTeclea aqui